00503 a2200181 450000100060000002000180000604000240002410000320004824000290008024500240010930000070013336200090014044000130014965000310016294200070019395201040020099900170030469558 a9788535622058 cAnchieta - Itaigara aPereira, Édimo de Almeida10aO telefone de lataslpor10aO telefone de latas a290 a2008 1aPaulinas 4aLiteratura infanto-juvenil cBK 00104070a88.1b88.1d2023-11-21l0o028.5 PER TELp2001/ITAr2023-11-21 20:04:10w2023-11-21yBK c69558d69558